Statistics for Oregon counties by population

Click here to take the quiz!

General Stats

  • This quiz has been taken 6 times
  • The average score is 23 of 36

Answer Stats

PopulationFirst letterCounty% Correct
426,976CClackamas
83%
211,357DDeschutes
83%
818,396MMultnomah
83%
600,516WWashington
83%
17,104BBaker
67%
100,192BBenton
67%
41,813CClatsop
67%
65,170CCoos
67%
23,730CCurry
67%
112,786DDouglas
67%
2045GGilliam
67%
7555HHarney
67%
223,694JJackson
67%
88,126JJosephine
67%
70,918KKlamath
67%
383,101LLane
67%
51,215LLincoln
67%
132,486LLinn
67%
32,048MMalheur
67%
348,413MMarion
67%
27,612TTillamook
67%
80,370UUmatilla
67%
7712WWallowa
67%
26,739WWasco
67%
1462WWheeler
67%
110,653YYamhill
67%
54,058CColumbia
50%
26,585CCrook
50%
24,199HHood River
50%
25,417JJefferson
50%
8492LLake
50%
12,511MMorrow
50%
90,218PPolk
50%
2003SSherman
50%
26,229UUnion
50%
7193GGrant
33%

Score Distribution

Percentile by Number Answered

Percent of People with Each Score

Your Score History

You have not taken this quiz